[Event "DMP Ekstraliga 2020"]
[Site "Krakow"]
[Date "2020.09.01"]
[Round "7.29"]
[White "Gdanski, Jacek"]
[Black "Sliwerski, Radoslaw"]
[Result "1-0"]
[WhiteElo "2489"]
[BlackElo "2042"]
[Annotator "RC"]
[PlyCount "129"]
[EventDate "2020.08.26"]
[EventType "team-tourn"]
[EventCountry "POL"]
[SourceTitle "playchess.com"]
[Source "ChessBase"]
[SourceQuality "1"]
[WhiteTeam "HETMAN Katowice"]
[BlackTeam "Wrzos Miedzyborow"]
[WhiteTeamCountry "POL"]
[TimeControl "30/5400+30:1800+30"]

1. Nf3 {[%emt 0:00:00]} d5 {[%emt 0:05:32]} 2. c4 {[%emt 0:00:00]} e6 {[%emt 0:00:37]} 3. g3 {[%emt 0:00:04]} Nf6 {[%emt 0:00:08]} 4. Bg2 {[%emt 0:00:08]} c5 {[%emt 0:03:44]} 5. cxd5 {[%emt 0:04:59]} exd5 {[%emt 0:03:46]} 6. d4 {[%emt 0:00:07]} Nc6 {[%emt 0:04:29]} 7. O-O {[%emt 0:00:09]} b6 {[%emt 0:01:57]} 8. Nc3 {[%emt 0:01:27]} Be7 {[%emt 0:06:12]} 9. Bg5 {[%emt 0:20:00]} Be6 {[%emt 0:44:27]} 10. Ne5 {[%emt 0:03:23]} Nxd4 {[%emt 0:00:58]} 11. e3 {[%emt 0:01:35]} Nf5 {[%emt 0:00:06]} 12. Qa4+ {[%emt 0:07:41]} Kf8 {[%emt 0:09:18]} 13. Rad1 {[%emt 0:08:24]} Qe8 {[%emt 0:01:26]} 14. Qxe8+ {[%emt 0:13:12]} Rxe8 {[%emt 0:01:27]} 15. Nc6 {[%emt 0:00:22]} d4 {[%emt 0:05:56]} 16. exd4 {[%emt 0:01:52]} cxd4 {[%emt 0:00:18]} 17. Nxd4 {[%emt 0:00:23]} Nxd4 {[%emt 0:00:40]} 18. Rxd4 {[%emt 0:00:06]} Bc5 {[%emt 0:00:26]} 19. Rd2 {[%emt 0:00:31]} h6 {[%emt 0:01:04]} 20. Bxf6 {[%emt 0:06:25]} gxf6 {[%emt 0:00:01]} 21. a3 {[%emt 0:00:11]} f5 {[%emt 0:02:40]} 22. b4 {[%emt 0:04:45]} Be7 {[%emt 0:00:13]} 23. Nd5 {[%emt 0:00:20]} Rd8 {[%emt 0:01:08]} 24. Rfd1 {[%emt 0:00:41]} Bxd5 {[%emt 0:00:59]} 25. Rxd5 {[%emt 0:02:38]} Kg7 {[%emt 0:00:20]} 26. Bf3 {[%emt 0:01:11]} Kf6 {[%emt 0:00:34]} 27. Rd7 {[%emt 0:01:40]} Rxd7 {[%emt 0:03:26]} 28. Rxd7 {[%emt 0:00:02]} a5 {[%emt 0:00:19]} 29. Rb7 {[%emt 0:00:05]} Bd8 {[%emt 0:00:12]} 30. Bd5 {[%emt 0:01:07]} Rf8 {[%emt 0:00:03]} 31. Kg2 {[%emt 0:34:03]} axb4 {[%emt 0:30:07]} 32. axb4 {[%emt 0:00:04]} f4 {[%emt 0:01:24]} 33. gxf4 {[%emt 0:05:12]} h5 {[%emt 0:00:10]} 34. Kf3 {[%emt 0:00:20]} h4 {[%emt 0:00:30]} 35. h3 {[%emt 0:06:38]} Kg6 {[%emt 0:00:40]} 36. Rd7 {[%emt 0:00:21]} Bf6 {[%emt 0:00:37]} 37. Rd6 {[%emt 0:00:55]} Rb8 {[%emt 0:00:14]} 38. Kg4 {[%emt 0:00:40]} Kg7 {[%emt 0:00:35]} 39. Rd7 {[%emt 0:01:35]} Rf8 {[%emt 0:00:14]} 40. f3 {[%emt 0:00:00]} Bc3 {[%emt 0:00:00]} 41. b5 {[%emt 0:00:00]} Be1 {[%emt 0:00:00]} 42. Rb7 {[%emt 0:00:00]} Bf2 {[%emt 0:00:00]} 43. Kg5 {[%emt 0:00:00]} Be3 {[%emt 0:00:00]} 44. Bb3 {[%emt 0:00:00]} Bf2 {[%emt 0:00:00]} 45. f5 {[%emt 0:00:00]} Be3+ {[%emt 0:00:00]} 46. f4 {[%emt 0:00:00]} Bd4 {[%emt 0:00:00]} 47. Rd7 {[%emt 0:00:00]} Bf6+ {[%emt 0:00:00]} 48. Kg4 {[%emt 0:00:00]} Kh6 {[%emt 0:00:00]} 49. Kf3 {[%emt 0:00:00]} Kg7 {[%emt 0:00:00]} 50. Bd5 {[%emt 0:00:00]} Bd8 {[%emt 0:00:00]} 51. Kg4 {[%emt 0:00:00]} Bf6 {[%emt 0:00:00]} 52. Rb7 {[%emt 0:00:00]} Bd4 {[%emt 0:00:00]} 53. Kxh4 {[%emt 0:00:00]} Kf6 {[%emt 0:00:21]} 54. Kg4 {[%emt 0:00:00]} Rg8+ {[%emt 0:00:19]} 55. Kf3 {[%emt 0:00:00]} Rg7 {[%emt 0:00:22]} 56. Ke4 {[%emt 0:00:00]} Bc5 {[%emt 0:00:07]} 57. h4 {[%emt 0:00:00]} Rh7 {[%emt 0:00:07]} 58. h5 {[%emt 0:00:00]} Bg1 {[%emt 0:00:44]} 59. h6 {[%emt 0:01:57]} Bc5 {[%emt 0:01:30]} 60. Kf3 {[%emt 0:01:51]} Bg1 {[%emt 0:02:09]} 61. Ke4 {[%emt 0:04:15]} Bc5 {[%emt 0:00:36]} 62. Kd3 Bg1 {[%emt 0:00:22]} 63. Rc7 {[%emt 0:00:50]} Bc5 {[%emt 0:02:35]} 64. Rc6+ {[%emt 0:00:44]} Ke7 {[%emt 0:00:10]} 65. f6+ {[%emt 0:00:55]} 1-0

[Event "DMP Ekstraliga 2020"]
[Site "Krakow"]
[Date "2020.09.01"]
[Round "7.30"]
[White "Kulon, Klaudia"]
[Black "Socko, Monika"]
[Result "0-1"]
[WhiteElo "2336"]
[BlackElo "2428"]
[Annotator "TA"]
[PlyCount "174"]
[EventDate "2020.08.26"]
[EventType "team-tourn"]
[EventCountry "POL"]
[SourceTitle "playchess.com"]
[Source "ChessBase"]
[SourceQuality "1"]
[WhiteTeam "Wrzos Miedzyborow"]
[BlackTeam "HETMAN Katowice"]

{[%evp 10,174,6,-10,-8,-7,-9,-27,-17,-22,-2,-30,0,0,0,-7,0,-25,21,19,31,49,32,41,39,36,44,44,37,47,55,55,54,63,73,2,2,2,2,2,6,0,17,7,12,-22,25,-13,-18,-34,0,0,0,0,0,0,15,0,0,-4,-10,-159,-156,-153,-161,-358,-352,-342,-331,-1397,-301,-266,-129,-120,-118,-114,-100,-100,-110,-104,-106,-110,-110,-108,-104,-120,-135,-145,-142,-142,-150,-138,-115,-111,-111,-153,-143,-184,-145,-229,-225,-204,-194,-460,-455,-418,-416,-376,-89,-89,-89,-89,-56,-56,-62,-772,-63,-263,-90,-791,-140,-125,-100,-171,0,-741,-685,-598,-510,-1291,-1158,-5405,-4735,-2533,-2647,-1920,-1229,-788,-1619,-1608,-906,-5385,-4682,-29957,-29964,-29964,-29963,-29963,-29961,-29967,-29967,-29967,-29968,-29967,-29967,-29951,-11066,-29956,-29958,-29963,-29964,-29981,-29982,-29982,-29983,-29983,-29983]} 1. d4 Nf6 2. Bg5 Ne4 3. h4 d5 4. Nd2 Bf5 5. Nxe4 Bxe4 6. f3 h6 {A45: Trompowsky Attack.} 7. Bf4 Bh7 8. Qd2 e6 {Black has an edge.} 9. O-O-O {[#]} Bd6 $146 ({Predecessor:} 9... c5 10. dxc5 Nc6 11. e4 dxe4 12. Bd6 Bxd6 13. cxd6 O-O 14. Bc4 Na5 15. Be2 Rc8 16. d7 e3 {0-1 (16) Ismail,A (2040)-Khamdamov,S (2140) Teheran 1998}) 10. Nh3 Nc6 11. Nf2 Bxf4 12. Qxf4 Qe7 13. e4 O-O-O 14. Bb5 Nb8 15. exd5 Rxd5 16. Bc4 $36 {[%mdl 2048] Black is under pressure.} Rd6 17. Rhe1 Re8 18. Ne4 Bxe4 19. fxe4 Rdd8 20. Qg4 Qb4 21. Bd3 Qf8 22. d5 (22. c3 $16) 22... Nd7 $11 23. Bb5 a6 24. dxe6 fxe6 25. Bc4 Qe7 26. e5 Kb8 27. Rd3 Ka7 (27... b5 $5 28. Bb3 $8 Nc5 29. Rxd8+ Rxd8 $11) 28. Qd4+ Nb6 29. Qe4 Rxd3 30. Bxd3 Rd8 31. g3 Qc5 32. Qe3 Qa5 33. a3 Kb8 34. Re2 Rf8 {( -> ...Rf1+)} 35. Kb1 (35. Qg1 $11) 35... Rf1+ $17 36. Ka2 Qd5+ 37. b3 $2 (37. c4 {is the only way for White.} Nxc4 38. Qe4 Ne3+ 39. Qxd5 Nxd5 40. Re4) 37... Na4 $1 $19 {[%cal Ra4c3]} 38. Re1 Nc3+ 39. Ka1 $2 {[#]} (39. Kb2 Nd1+ 40. Rxd1 Rxd1 41. Bc4 Qd4+ 42. Qxd4 Rxd4 43. Bxe6) 39... Rxe1+ $2 (39... Qa5 $1 {[%cal Ra5a3][%mdl 512]} 40. Kb2 Rxe1 41. Qxe1 Na4+ $1 {[%mdl 576] Discovered Attack} 42. bxa4 Qxe1) 40. Qxe1 {[#]} Qd4 (40... Qa5 $1 $19 {[%cal Ra5a3][%mdl 512]} 41. Qc1 g5) 41. Kb2 $17 Na4+ {[%mdl 64] Discovered Attack (Double check)} 42. Kc1 Qa1+ 43. Kd2 Qc3+ 44. Ke2 Qxe5+ 45. Kf1 Qxe1+ 46. Kxe1 {[%mdl 4096] Endgame KB-KN} Nc5 47. Bc4 b5 48. Bf1 Ne4 49. Bh3 e5 (49... Nxg3 50. Bxe6 Kb7 51. Kf2 $15) 50. Ke2 c5 51. Ke3 Nd6 ({But not} 51... Nxg3 52. Kf3 $15) 52. Be6 Kc7 53. Kf3 b4 54. a4 (54. axb4 $17 cxb4 55. Ke3) 54... a5 $19 55. Ke3 Kd8 56. Kd3 $2 (56. Bd5) 56... Ke7 57. Bd5 Kf6 58. Bg2 g6 $2 (58... g5 $19 {Hoping for ...gxh4.} 59. hxg5+ Kxg5) 59. g4 $17 Ke6 60. Bf3 g5 61. hxg5 $1 hxg5 62. Be4 $2 {[%mdl 8192]} (62. Bc6 $15) 62... Kd7 $2 ({Better is} 62... Nxe4 $19 63. Kxe4 Kd6) 63. Bf3 $2 (63. Bh1 $15) 63... Kc7 $2 (63... Ne8 $1 $19 {[%cal Re8f6] is more deadly.} 64. c4 bxc3 65. Kxc3 Nf6) 64. Bd5 $2 {[%mdl 8192]} (64. Ke3 $17) 64... Kb6 $2 (64... Ne8 $1 $19 {[%cal Re8f6]} 65. Be4 Nf6) 65. Bc4 Kc6 66. Be6 {[#]} (66. Ke3 $17) 66... Kc7 $2 (66... c4+ $1 {[%mdl 512]} 67. Ke3 (67. bxc4 Kc5) 67... c3) 67. Bd5 $19 {[#]} Ne8 $1 {[%cal Re8f6]} 68. Kc4 Kb6 69. Bg2 (69. c3 $142 bxc3 70. Kxc3) 69... Nf6 70. Bf3 e4 71. Bg2 Nxg4 {[%cal Rg4e3]} 72. Bxe4 Nf6 73. Bg2 g4 74. Kd3 g3 75. Ke3 {[#]} c4 $1 {[%mdl 512]} 76. Kd4 (76. bxc4 Kc5) 76... cxb3 77. cxb3 Nh5 78. Ke5 Kc5 79. Bf3 Ng7 80. Bg2 Ne8 81. Bf3 Nd6 82. Bg2 {[#]} Nc8 (82... Nc4+ $142 $1 {[%mdl 512]} 83. Kf4 (83. bxc4 b3) 83... Nd2 84. Ba8 Nxb3 85. Ke3 Kc4 86. Bf3 Nc5 87. Bh5 b3 88. Bf7+ Kc3 89. Kf3 Nxa4 90. Be8 Nc5 91. Bh5 a4 92. Kxg3 a3 93. Bf7 a2 94. Kf3 a1=Q 95. Kg2 Qa8+ 96. Kh2 Qf3 97. Bg6 Ne4 98. Bxe4 Qxe4 99. Kh3 b2 100. Kg3 b1=Q 101. Kh2 Qh4+ 102. Kg2 Qbh1#) 83. Ke6 Kd4 {Black mates.} 84. Kd7 Nb6+ 85. Kc6 {[#]} Nxa4 $1 {[%mdl 512]} 86. Kb5 (86. bxa4 b3) 86... Nc5 87. Kxa5 Kc3 {Accuracy: White = 53%, Black = 70%.} 0-1

[Event "DMP Ekstraliga 2020"]
[Site "Krakow"]
[Date "2020.09.02"]
[Round "8.1"]
[White "Kryvoruchko, Yuriy"]
[Black "Antoniewski, Rafal"]
[Result "1/2-1/2"]
[WhiteElo "2682"]
[BlackElo "2490"]
[Annotator "TA"]
[PlyCount "119"]
[EventDate "2020.08.26"]
[EventType "team-tourn"]
[EventCountry "POL"]
[SourceTitle "playchess.com"]
[Source "ChessBase"]
[SourceQuality "1"]
[WhiteTeam "Stilon Gorzow"]
[BlackTeam "Wrzos Miedzyborow"]

{[%evp 11,119,0,38,36,32,20,39,9,16,0,6,2,43,33,32,16,18,10,20,14,30,9,10,0,3,-23,-19,-12,-20,-54,-33,-60,-71,-54,-58,-105,-97,-97,-97,-107,-105,-136,-136,-164,-160,-174,-171,-160,-167,-161,-166,-158,-156,-259,-244,-386,-291,-277,-269,-276,-256,-235,-198,-383,-376,-333,-171,-5321,-171,-171,-163,-163,-146,-146,-139,-239,-59,-60,-60,-58,-43,-43,-43,-179,0,-8,-8,-8,-8,-8,0,0,0,0,0,0,0,0,0,0,0,0,0,0,0,0,0,0,0,0]} 1. e4 e5 2. Nf3 Nf6 3. d4 Nxe4 4. Bd3 Nc6 5. dxe5 d5 6. O-O Be7 7. Nc3 {C43: Petroff Defence: 3 d4.} Nxc3 8. bxc3 Bg4 9. Bf4 {White is slightly better.} Qd7 10. h3 Bh5 11. Rb1 {[#]} Rb8 $146 ({Predecessor:} 11... Nd8 12. Bh2 c6 13. c4 O-O {½-½ (13) Wu,C (2317)-Ippolito,D (2395) Arlington 2015}) 12. g4 {Bf5 is the strong threat.} Bg6 13. Nd4 (13. Kg2 {with more complications.} O-O 14. Bg3 b6 15. Re1 Qe6 16. Qd2) 13... Nxd4 14. cxd4 {Black should prevent e6.} Bxd3 15. Qxd3 O-O 16. Bg3 b5 {[%cal Bb7b5,Bb5b4][%mdl 32]} 17. Rfe1 Rb6 18. f4 b4 19. f5 Rc6 20. Qb5 {White wants to play e6!} Rd8 21. f6 gxf6 22. Bh4 a5 23. Qf1 {[%cal Re5f6]} fxe5 ({Reject} 23... Rxc2 $6 24. Bxf6 Rxa2 25. Qf4 $11) 24. Bxe7 Qxe7 25. Rxe5 Qf6 26. Qe2 Re6 27. Rf1 Rxe5 28. dxe5 $19 {[%mdl 4096] Endgame KQR-KQR} Qb6+ 29. Kg2 Re8 $1 30. Rf5 Qd4 31. Rg5+ Kf8 32. Rh5 (32. Rf5 $17) 32... Re6 33. Kg3 (33. Rf5 $142) 33... h6 34. Rf5 Kg8 35. Kh4 Qc5 36. Kh5 Qe7 37. g5 $2 (37. Qe3 {keeps fighting.}) 37... hxg5 38. Rxg5+ Kf8 39. Qb5 $2 {[#]} (39. Qg4 Rxe5 40. Qc8+ Qe8 41. Qxe8+ Rxe8 42. Rxd5) 39... Rxe5 $2 (39... Rh6+ $1 {[%mdl 512]} 40. Kg4 (40. Kxh6 Qe6+) 40... Qe6+ 41. Kf4 Rh4+ 42. Rg4 Qh6+ 43. Kf3 Rxh3+ 44. Rg3 Qh5+ {[%mdl 64] Double Attack} 45. Kg2 Rh2+ 46. Kg1 Rxc2) 40. Qb8+ Qe8 41. Qxe8+ Rxe8 42. Rxd5 {KR-KR} Re3 43. h4 (43. Rxa5 $17 Rxh3+ 44. Kg5) 43... Rc3 $2 (43... Ra3 $19 44. Kg5 Rxa2) 44. Rxa5 $15 Rxc2 45. Kg5 $1 Kg7 46. h5 Rg2+ 47. Kh4 {[#]} ({White should try} 47. Kf4 $15) 47... Rc2 $2 (47... c6 $1 $19 48. Kh3 Rc2) 48. Kg5 $11 {The position is equal.} f6+ 49. Kf5 Rf2+ 50. Ke6 Kh6 51. Rb5 Rf4 52. Rc5 {[#]} c6 $1 {[%mdl 512]} 53. Kf7 $1 (53. Rxc6 Kxh5) 53... f5 54. Kf6 Rf2 55. Rxc6 Kxh5 56. Rc4 f4 {Threatens to win with ...Kg4.} 57. Kf5 $1 f3 58. Rf4 Rxa2 {White must now prevent ...f2.} 59. Rxf3 {[%cal Rf3h3]} Ra5+ 60. Ke4 {White happily takes the draw. Accuracy: White = 58%, Black = 83%.} 1/2-1/2

[Event "DMP Ekstraliga 2020"]
[Site "Krakow"]
[Date "2020.09.02"]
[Round "8.2"]
[White "Cyborowski, Lukasz"]
[Black "Piorun, Kacper"]
[Result "0-1"]
[WhiteElo "2508"]
[BlackElo "2596"]
[Annotator "RC"]
[PlyCount "136"]
[EventDate "2020.08.26"]
[EventType "team-tourn"]
[EventCountry "POL"]
[SourceTitle "playchess.com"]
[Source "ChessBase"]
[SourceQuality "1"]
[WhiteTeam "Wrzos Miedzyborow"]
[BlackTeam "Stilon Gorzow"]
[BlackTeamCountry "POL"]
[TimeControl "30/5400+30:1800+30"]

1. Nf3 {[%emt 0:00:00]} Nf6 {[%emt 0:00:00]} 2. c4 {[%emt 0:00:54]} e6 {[%emt 0:00:00]} 3. g3 {[%emt 0:01:24]} d5 {[%emt 0:00:06]} 4. Bg2 {[%emt 0:00:06]} Be7 {[%emt 0:00:27]} 5. O-O {[%emt 0:00:38]} O-O {[%emt 0:00:15]} 6. d4 {[%emt 0:04:50]} dxc4 {[%emt 0:02:42]} 7. Qa4 {[%emt 0:03:25]} Qd5 {[%emt 0:06:24]} 8. Nc3 {[%emt 0:15:23]} Qc6 {[%emt 0:00:06]} 9. Qc2 {[%emt 0:00:21]} Qa6 {[%emt 0:00:48]} 10. Ne5 {[%emt 0:09:56]} Rd8 {[%emt 0:02:12]} 11. Ne4 {[%emt 0:13:12]} Nc6 {[%emt 0:09:31]} 12. Nxc6 {[%emt 0:02:29]} bxc6 {[%emt 0:00:04]} 13. Bg5 {[%emt 0:14:46]} Rxd4 {[%emt 0:05:44]} 14. e3 {[%emt 0:00:17]} Rd8 {[%emt 0:07:23]} 15. Bxf6 {[%emt 0:05:18]} Bxf6 {[%emt 0:02:51]} 16. Rfd1 {[%emt 0:03:34]} Rxd1+ {[%emt 0:02:07]} 17. Rxd1 {[%emt 0:04:43]} Be7 {[%emt 0:02:12]} 18. Nd2 {[%emt 0:00:52]} Qxa2 {[%emt 0:04:39]} 19. Nxc4 {[%emt 0:00:24]} Rb8 {[%emt 0:05:56]} 20. Ne5 {[%emt 0:12:40]} Qxb2 {[%emt 0:04:24]} 21. Qxb2 {[%emt 0:04:03]} Rxb2 {[%emt 0:00:02]} 22. Nxc6 {[%emt 0:00:13]} Kf8 {[%emt 0:10:26]} 23. Nxa7 {[%emt 0:00:19]} Ba6 {[%emt 0:01:41]} 24. Nc6 {[%emt 0:00:34]} Bd6 {[%emt 0:01:02]} 25. Ra1 {[%emt 0:00:25]} Bb7 {[%emt 0:02:37]} 26. Na5 {[%emt 0:00:29]} Bxg2 {[%emt 0:08:21]} 27. Kxg2 {[%emt 0:00:04]} Rc2 {[%emt 0:00:11]} 28. Ra4 {[%emt 0:00:02]} Ke7 {[%emt 0:01:16]} 29. Nc4 {[%emt 0:01:24]} Bc5 {[%emt 0:00:17]} 30. g4 {[%emt 0:00:34]} f6 {[%emt 0:02:24]} 31. Kf3 {[%emt 0:30:57]} Kd7 {[%emt 0:31:37]} 32. Na5 {[%emt 0:00:36]} Bd6 {[%emt 0:03:47]} 33. h3 {[%emt 0:00:28]} g6 {[%emt 0:02:53]} 34. Nc4 {[%emt 0:00:54]} Bc5 {[%emt 0:00:50]} 35. Na5 {[%emt 0:00:33]} e5 {[%emt 0:02:38]} 36. Rc4 {[%emt 0:00:35]} Rxc4 {[%emt 0:00:46]} 37. Nxc4 {[%emt 0:00:02]} Ke6 {[%emt 0:03:19]} 38. e4 {[%emt 0:00:40]} Bd4 {[%emt 0:00:50]} 39. Ke2 {[%emt 0:00:22]} f5 {[%emt 0:03:09]} 40. exf5+ {[%emt 0:00:00]} gxf5 {[%emt 0:00:00]} 41. f3 {[%emt 0:00:00]} Kf6 {[%emt 0:00:00]} 42. Na5 {[%emt 0:00:00]} c5 {[%emt 0:00:00]} 43. Nc4 {[%emt 0:00:00]} Kg5 {[%emt 0:00:00]} 44. Nd6 {[%emt 0:00:00]} fxg4 {[%emt 0:00:00]} 45. hxg4 {[%emt 0:00:00]} Kf4 {[%emt 0:00:00]} 46. Nc4 {[%emt 0:01:33]} e4 {[%emt 0:00:00]} 47. fxe4 {[%emt 0:00:18]} Kxg4 {[%emt 0:00:00]} 48. e5 {[%emt 0:02:19]} Kf5 {[%emt 0:00:00]} 49. Kf3 {[%emt 0:00:56]} Bxe5 {[%emt 0:00:00]} 50. Ne3+ {[%emt 0:00:37]} Ke6 {[%emt 0:03:32]} 51. Kg4 {[%emt 0:00:46]} Bd4 {[%emt 0:01:16]} 52. Nc4 {[%emt 0:00:16]} Kd5 {[%emt 0:00:39]} 53. Nb6+ {[%emt 0:00:04]} Ke4 {[%emt 0:00:12]} 54. Kh5 {[%emt 0:00:17]} Be3 {[%emt 0:00:28]} 55. Nc4 {[%emt 0:01:17]} Kd4 {[%emt 0:01:40]} 56. Na5 {[%emt 0:00:26]} Kd3 {[%emt 0:00:36]} 57. Nc6 {[%emt 0:00:32]} Bf4 {[%emt 0:02:45]} 58. Kg4 {[%emt 0:00:32]} Bc7 {[%emt 0:00:39]} 59. Kh5 {[%emt 0:00:35]} c4 {[%emt 0:01:03]} 60. Nb4+ {[%emt 0:00:17]} Kd4 {[%emt 0:00:38]} 61. Nc2+ {[%emt 0:00:38]} Kd3 {[%emt 0:00:15]} 62. Nb4+ {[%emt 0:00:05]} Ke4 {[%emt 0:00:26]} 63. Kh6 {[%emt 0:01:01]} Bd6 {[%emt 0:00:11]} 64. Nc2 {[%emt 0:00:07]} Bc5 {[%emt 0:01:10]} 65. Kxh7 {[%emt 0:00:16]} Kd3 {[%emt 0:00:04]} 66. Ne1+ {[%emt 0:00:04]} Ke2 {[%emt 0:00:04]} 67. Ng2 {[%emt 0:00:40]} c3 {[%emt 0:00:05]} 68. Nf4+ {[%emt 0:00:04]} Kd2 {[%emt 0:00:07]} 0-1

[Event "DMP Ekstraliga 2020"]
[Site "Krakow"]
[Date "2020.09.02"]
[Round "8.3"]
[White "Krasenkow, Michal"]
[Black "Nurkiewicz, Maciej"]
[Result "1-0"]
[WhiteElo "2605"]
[BlackElo "2326"]
[Annotator "TA"]
[PlyCount "77"]
[EventDate "2020.08.26"]
[EventType "team-tourn"]
[EventCountry "POL"]
[SourceTitle "playchess.com"]
[Source "ChessBase"]
[SourceQuality "1"]
[WhiteTeam "Stilon Gorzow"]
[BlackTeam "Wrzos Miedzyborow"]

{[%evp 18,77,19,9,31,27,31,25,29,31,24,29,37,37,45,50,60,52,61,42,63,66,55,54,65,64,77,62,66,68,68,51,54,52,52,52,46,64,39,50,66,79,75,75,98,94,102,102,132,140,159,150,164,152,565,564,564,560,557,550,508,425]} 1. d4 d5 2. c4 c6 3. Nc3 Nf6 4. e3 e6 5. Nf3 Nbd7 6. Qc2 Bd6 7. b3 O-O 8. Bb2 b6 9. Bd3 Bb7 10. O-O Rc8 {D45: Semi-Slav: 5 e3.} 11. e4 dxe4 12. Nxe4 Nxe4 {White has an edge.} 13. Bxe4 Nf6 14. Bd3 h6 15. c5 {[#]} Be7 $146 ({Predecessor:} 15... Bb8 16. a3 Nd5 17. g3 Qf6 18. Qe2 Rfd8 19. Rac1 h5 20. h4 g6 21. Ne5 Bxe5 22. dxe5 {½-½ (41) Hebbering,T (2226)-Laux,D (2066) Heusenstamm 2019}) 16. Rfe1 Rc7 17. Rad1 Qc8 18. Qe2 Nd5 19. Qe4 {[%csl Gd3][%cal Re4h7]} Nf6 20. Qf4 Nd5 21. Qg3 Ba6 22. Bc2 Bf6 23. Ne5 Qd8 24. Bc1 Bg5 25. Be4 bxc5 26. dxc5 Bxc1 27. Rxc1 Qg5 28. Qf3 Rb8 (28... Qxe5 $2 29. Bh7+ $1 {[%mdl 512]} Kxh7 30. Rxe5 $18) 29. g3 Qf6 ({Don't go for} 29... Qxe5 $2 30. Bh7+ $1 {[%mdl 512]} Kxh7 31. Rxe5 $18) 30. Qd1 Kh8 ({Avoid the trap} 30... Qxe5 $2 31. Bh7+ $1 {[%mdl 512]} Kxh7 32. Rxe5 $18) 31. Bg2 Qd8 32. Qd2 Nb4 {[#]} 33. Qd6 $1 {[%cal Rg2c6]} Rbc8 34. Rcd1 Nd5 35. Rd4 f6 $2 {Loses the game.} (35... Bb7 $16 {is more resistant.} 36. Ra4 a6) 36. Ng6+ $18 {White is clearly winning.} Kh7 37. Qxe6 Qd7 38. Qxd7 Rxd7 39. Bh3 {Accuracy: White = 100%, Black = 84%.} 1-0

[Event "DMP Ekstraliga 2020"]
[Site "Krakow"]
[Date "2020.09.02"]
[Round "8.4"]
[White "Bartel, Michal"]
[Black "Kanarek, Marcel"]
[Result "0-1"]
[WhiteElo "2274"]
[BlackElo "2488"]
[Annotator "TA"]
[PlyCount "40"]
[EventDate "2020.08.26"]
[EventType "team-tourn"]
[EventCountry "POL"]
[SourceTitle "playchess.com"]
[Source "ChessBase"]
[SourceQuality "1"]
[WhiteTeam "Wrzos Miedzyborow"]
[BlackTeam "Stilon Gorzow"]

{[%evp 9,40,0,0,0,0,0,0,0,0,-3,0,0,0,0,0,-24,-24,-49,-49,-125,-114,-127,-127,-115,-125,-127,-119,-234,-200,-212,-216,-324,-298]} 1. e4 c5 2. Nf3 e6 3. c4 Nc6 4. Nc3 Nd4 5. d3 Ne7 6. g3 {B40: Sicilian: 2...e6, Unusual lines.} Nec6 7. Bg2 Be7 8. O-O {The position is equal.} O-O 9. Rb1 a6 10. a3 b5 11. Nxd4 cxd4 12. cxb5 axb5 {[#]} 13. Ne2 $146 ({Predecessor:} 13. Nd5 Bd6 14. Nf4 b4 15. axb4 Ba6 16. Ra1 Bxf4 17. Bxf4 e5 18. Bc1 Nxb4 19. Ra3 {½-½ (54) Miezis,N (2516)-Milov,V (2579) Baden 2020}) 13... b4 14. axb4 ({Better is} 14. a4 $15) 14... Ba6 $17 ({Don't do} 14... Nxb4 15. e5 $11) 15. Ra1 Bb5 ({Much less strong is} 15... Bxb4 16. e5 $15) 16. Rxa8 Qxa8 17. e5 {White wants to play Nxd4.} Qa7 18. f4 (18. b3 $17) 18... Nxb4 $19 19. Be4 Qa6 {[%cal Rb4d3]} 20. Kg2 (20. f5 {keeps fighting.} exf5 21. Rxf5) 20... Nxd3 {Accuracy: White = 63%, Black = 100%.} ({Weaker is} 20... Bxd3 21. Bxd3 Nxd3 22. Nxd4 $17) 0-1

[Event "DMP Ekstraliga 2020"]
[Site "Krakow"]
[Date "2020.09.02"]
[Round "8.5"]
[White "Janik, Igor"]
[Black "Sliwerski, Radoslaw"]
[Result "1-0"]
[WhiteElo "2471"]
[BlackElo "2042"]
[Annotator "ChessBase"]
[PlyCount "59"]
[EventDate "2020.08.26"]
[EventType "team-tourn"]
[EventCountry "POL"]
[SourceTitle "playchess.com"]
[Source "ChessBase"]
[SourceQuality "1"]
[WhiteTeam "Stilon Gorzow"]
[BlackTeam "Wrzos Miedzyborow"]
[TimeControl "30/5400+30:1800+30"]

1. e4 {[%emt 0:00:00]} c5 {[%emt 0:00:00]} 2. Nf3 {[%emt 0:00:00]} d6 {[%emt 0:00:00]} 3. Bb5+ {[%emt 0:00:00]} Nd7 {[%emt 0:00:15]} 4. O-O {[%emt 0:00:00]} a6 {[%emt 0:00:37]} 5. Bd3 {[%emt 0:00:00]} Ngf6 {[%emt 0:00:21]} 6. Re1 {[%emt 0:00:03]} g6 {[%emt 0:00:31]} 7. a4 {[%emt 0:00:12]} Bh6 {[%emt 0:06:17]} 8. c3 {[%emt 0:01:09]} Ne5 {[%emt 0:00:07]} 9. Nxe5 {[%emt 0:00:54]} dxe5 {[%emt 0:00:02]} 10. Bc4 {[%emt 0:00:31]} O-O {[%emt 0:01:16]} 11. d3 {[%emt 0:01:08]} Bxc1 {[%emt 0:01:06]} 12. Qxc1 {[%emt 0:00:03]} Qd6 {[%emt 0:01:25]} 13. Qg5 {[%emt 0:05:03]} Bd7 {[%emt 0:05:39]} 14. f4 {[%emt 0:02:58]} b5 {[%emt 0:33:26]} 15. axb5 {[%emt 0:01:56]} axb5 {[%emt 0:01:38]} 16. Rxa8 {[%emt 0:00:11]} Rxa8 {[%emt 0:00:11]} 17. fxe5 {[%emt 0:00:05]} Qc6 {[%emt 0:04:22]} 18. Bxf7+ {[%emt 0:04:25]} Kxf7 {[%emt 0:00:12]} 19. exf6 {[%emt 0:00:03]} exf6 {[%emt 0:00:25]} 20. Qh4 {[%emt 0:00:07]} Kg8 {[%emt 0:04:35]} 21. Nd2 {[%emt 0:04:27]} Qd6 {[%emt 0:10:02]} 22. e5 {[%emt 0:00:53]} fxe5 {[%emt 0:06:59]} 23. Ne4 {[%emt 0:00:17]} Qxd3 {[%emt 0:06:24]} 24. Qe7 {[%emt 0:00:18]} Rf8 {[%emt 0:04:28]} 25. Nf6+ {[%emt 0:00:06]} Rxf6 {[%emt 0:00:25]} 26. Qxf6 {[%emt 0:00:02]} e4 {[%emt 0:03:08]} 27. Qd8+ {[%emt 0:00:11]} Kf7 {[%emt 0:02:14]} 28. Rf1+ {[%emt 0:00:04]} Bf5 {[%emt 0:00:05]} 29. Qxd3 {[%emt 0:00:06]} exd3 {[%emt 0:00:11]} 30. g4 {[%emt 0:00:05]} 1-0